000 00235 a2200097 4500
001 35244
100 _aBRE, Robert C Brenner
245 _aIBM PC Trouble shooting & repair guide
260 _aDehli
_bManish J
_c
090 _c23355
_d23355
942 _aNUST-CAE
_cM
_c14842
999 _c270317
_d270317